000 00875nam a2200133Ia 4500
008 220620s9999||||xx |||||||||||||| ||und||
020 _a9783040000000
245 0 _aMetal Promoted Cyclocarbonylation Reactions in the Synthesis of Heterocycles
546 _aEnglish[eng]
650 _aCr-phthalocyanine||porous organic polymer||Friedel–Crafts reaction||heterogeneous catalysis||carbonylation||β-lactones||catalyst recyclability||silylformylation||silylcarbocyclization||alkynes||N-heterocycles||O-heterocycles||radical carbonylation||acyl radical||visible light photocatalysis||heterocycles||metal-mediated reactions||Pauson-Khand reaction||cyclopentenones||natural products total syntheses||Jaspine B||flow chemistry||palladium catalysis||cyclisation||n/a
700 _aAronica, Laura Antonella
856 _uhttps://mdpi.com/books/pdfview/book/5288
942 _cEB
999 _c24782
_d24782